02180ntaaa2200409 45000030003000000050017000030080021000200200015000410400037000560820017000931000022001102450095001322600061002273000022002885000045003105000023003555050081003785050092004595050067005515050067006185050087006855050095007725050067008675050067009345050062010015050072010635050083011355050074012185050080012925050072013725050078014445050056015225050086015785050071016645050020017356500015017550120251027203346.00714s1973 ag 01  a9509596949 aAR-BaBNbspacAR-BaBNeaacrdRIC a280.092 P87h aPowell, David R.  aHuellas que perduran : bpersonalidades cristianas de América Latina / cDavid R. Powell aVilla Nueva, Cba. : bEds. Crecimiento Cristiano, c2004 a136 p. ; c21 cm. aDonación de Tomás J. M. Mackey, 2021 aIncluye apéndice t1. Roberto (Robert) Reid Kalley (1809-1888): «Apostol de tres continentes» t2. Ricardo (Richard) Williams (1815-1851): de médico agnóstico a mártir cristiano t3. David Trumbull (1819-1889): misionero de distinguido linaje t4. Ramón Blanco (1853-1901): de policía a maestro y pastor t5. Carlos F. (Charles Francis) Yoder (1873-1955): «versátil estadista de Dios» t6. Juan Bautista Ermete Gattinoni (1878-1970): «Viejo roble que los vientos no derriban» t7. Juan (John) Ritchie (1878-1952): personalidad controvertida t8. Juan Crisóstomo Varetto (1879-1953): predicador de Cristo t9. Roberto L. Clegg (1879-1961): «un extraño Quijote» t10. Eduardo Palací (1884-1961): «apóstol de Hispanoamérica» t11. Juan A. (John Alexander) Mackay (1889-1983): «escocés con alma latina» t12. Federico (Frederick) Huegel (1889-1971): «apóstol de la cruz» t13. Bowen Foster Stockwell (1899-1961): educador por «destino manifiesto» t14. Gonzalo Báez-Camargo (1899-1983): «escritor polifacético» t15. Justo González Carrasco (1902-1994): «hombre de dos revoluciones» t16. Alejandro Clifford (1907-1980): periodista nato t17. Natanael (Nathanael) Saint (1923-1956): «el "arréglalo todo" de la selva» t18. Jaime (James) Elliot (1927-1956): «el que cumple su palabra» t19. Las esposas aBIOGRAFIAS